000 00282nam a2200121Ia 4500
008 190722s9999 xx 000 0 und d
020 _a978-93-325-4242-6
100 _aWeir, Hass
245 0 _aThomas Calculus
260 _aNew Delhi
_bPearson Edu.
_c2016
300 _a988
942 _cBK
999 _c72
_d72